KOHA-Header-6

Computing Failure.Com (Record no. 11007)

000 -LEADER
fixed length control field 00265nam a2200109Ia 4500
100 ## - MAIN ENTRY--AUTHOR NAME
Personal name Robert L. Glass
245 #0 - TITLE STATEMENT
Title Computing Failure.Com
260 ## - PUBLICATION, DISTRIBUTION, ETC. (IMPRINT)
Place of publication New Delhi
Name of publisher Bantam Books
Year of publication 1995
300 ## - PHYSICAL DESCRIPTION
Number of Pages 806
942 ## - ADDED ENTRY ELEMENTS (KOHA)
Koha item type Books

No items available.

Powered by Koha